• 首页
  • 本馆介绍
  • 公告通知
  • 最新文献
  • 馆藏检索
  • 电子资源
  • 读者导购
  • 参考咨询
  • 我的图书馆
  • 登录
  • 详细信息显示
  • 放入我的书架
  • 预约/预借图书
  • 作者相关作品
  • 分类相关作品
  • 丛书相关作品
  • 出版社相关作品

书目信息

  • 表格格式
  • 工作单格式
  • 卡片格式
题名:
新青年·翻译卷
    
 
作者: 张宝明 主编
分册: 7  
出版信息: 郑州   河南文艺出版社  2016.05
页数: 496页
开本: 24cm
丛书名:
单 册:
中图分类: Z62
科图分类:
主题词: 期刊--中国 , 连续出版物--中国
电子资源:
ISBN: 978-7-5559-0342-0
000 00599nam0 2200193 450
001 2657831996
005 20260408160509.72
010    @a978-7-5559-0342-0@dCNY57.00
100    @a20240920d2016 km y0chiy0120 ea
101 0  @achi
200 1  @a新青年·翻译卷@AXin Qing Nian·Fan Yi Juan@h7@f张宝明主编@FZhang Bao Ming Zhu Bian
210    @a郑州@c河南文艺出版社@d2016.05
215    @a496页@d24cm
606 0  @a期刊@x中国
606 0  @a连续出版物@x中国
690    @aZ62@v4
701  0 @a张宝明@AZhang Bao Ming@4主编
801  0 @aCN@b大连网信软件有限公司图书馆·11@c20260408
905    @aZUCC@b1057438@dZ62@e88:7
    
    新青年·翻译卷.7/张宝明主编.-郑州:河南文艺出版社,2016.05
    496页;24cm
    
    
    ISBN 978-7-5559-0342-0:CNY57.00
    
●
相关链接 在E读中查询图书 在五车中查询图书 在当当中查询图书 在豆瓣中查询图书


正题名:新青年·翻译卷     索取号:Z62/88:7         预约/预借

序号 登录号 条形码 馆藏地/架位号 状态 备注
1 1442383   214423836   第二样本阅览室/ [索取号:Z62/88:7] 在馆    
唐山师范学院图书馆 欢迎您!
大连网信软件有限公司© 版权所有